[Event "I Open"]
[Site "Omegna ITA"]
[Date "2013.07.05"]
[Round "2"]
[White "Machlik, Edit"]
[Black "Montilli, Vincenzo"]
[WhiteElo "1810"]
[BlackElo "2015"]
[Result "1-0"]
[PlyCount "137"]
[EventDate "2013.07.04"]

1. e4 c5 2. Nf3 d6 3. d4 cxd4 4. Nxd4 Nf6 5. Nc3 a6 6. f3 b5 7. Be3 Bb7 8. Qd2
e6 9. O-O-O Nbd7 10. g4 Nb6 11. h4 Rc8 12. h5 h6 13. Bd3 Nfd7 14. f4 Nc5 15.
Nb3 Nxd3+ 16. Qxd3 Nc4 17. Bf2 Qc7 18. Rhe1 Be7 19. Bd4 e5 20. fxe5 dxe5 21.
Bg1 Bb4 22. Bc5 Bxc5 23. Nxc5 O-O 24. Nxb7 Qxb7 25. Nd5 b4 26. Kb1 a5 27. Qb3
Kh8 28. c3 Qa7 29. cxb4 Qf2 30. Ka1 a4 31. Qc3 Qg2 32. Ne7 Rc7 33. Nd5 Rc6 34.
Ne7 Re6 35. Ng6+ fxg6 36. Qxc4 Ref6 37. Rg1 Qh2 38. g5 Rf2 39. gxh6 Qxh5 40.
hxg7+ Kxg7 41. Rh1 Qe2 42. Rd7+ Kf6 43. Rd6+ Kg5 44. Rg1+ Kf4 45. Qc1+ Kf3 46.
Qc3+ Kf4 47. Qc1+ Kf3 48. Rdxg6 Rf4 49. R6g3+ Kxe4 50. Qc6+ Kd4 51. Qc5+ Ke4
52. Qc6+ Kd4 53. Qc3+ Kd5 54. Rd3+ Rd4 55. Rxd4+ exd4 56. Qc5+ Ke4 57. Qc6+ Kd3
58. Qb5+ Kd2 59. Qg5+ Qe3 60. Qc5 Kd3 61. Qb5+ Ke4 62. Qe8+ Kd3 63. Qb5+ Ke4
64. Rd1 a3 65. Qc6+ Kf4 66. bxa3 Rxa2+ 67. Kxa2 Qe2+ 68. Kb1 Qxd1+ 69. Qc1+ 1-0

[Event "I Open"]
[Site "Omegna ITA"]
[Date "2013.07.05"]
[Round "2"]
[White "Maffeo, Mauro"]
[Black "Franchetti Pardo, Niccolo'"]
[WhiteElo "1724"]
[BlackElo "1514"]
[Result "1-0"]
[PlyCount "75"]
[EventDate "2013.07.04"]

1. d4 d5 2. f4 Bf5 3. Nf3 Nc6 4. a3 e6 5. e3 Nf6 6. Bd3 Bg4 7. O-O Be7 8. Nbd2
O-O 9. b3 b5 10. Bb2 a6 11. Qe1 Nh5 12. Ne5 Nxe5 13. fxe5 f6 14. h3 Bf5 15.
Bxf5 exf5 16. Rxf5 g6 17. Rf3 Ng7 18. Qg3 Ne6 19. Qh2 c5 20. Raf1 cxd4 21. exd4
f5 22. h4 Bxh4 23. Rh3 g5 24. g3 g4 25. Rxh4 Ra7 26. Rh5 f4 27. gxf4 g3 28. Qh4
Qxh4 29. Rxh4 Rg7 30. f5 Ng5 31. Kg2 a5 32. Rg4 h5 33. Rxg3 h4 34. Rg4 h3+ 35.
Kg3 Kh7 36. f6 Rg6 37. Rh1 Kh6 38. Rh4# 1-0

[Event "I Open"]
[Site "Omegna ITA"]
[Date "2013.07.05"]
[Round "2"]
[White "Mantovan, Giuseppe"]
[Black "Medici, Simone"]
[WhiteElo "1825"]
[BlackElo "2109"]
[Result "0-1"]
[PlyCount "64"]
[EventDate "2013.07.04"]

1. d4 d5 2. Nf3 Nf6 3. c4 c6 4. Nc3 g6 5. Bf4 a6 6. e3 Bg7 7. cxd5 cxd5 8. Bd3
O-O 9. h3 Nc6 10. Rc1 e6 11. O-O Bd7 12. Re1 b5 13. Ne5 Rc8 14. Nxc6 Bxc6 15.
Qb3 Qa5 16. Bd6 Rfd8 17. Bb4 Qb6 18. Qa3 Qb7 19. Qa5 Nd7 20. a4 Ra8 21. Rc2 e5
22. Rec1 Nb6 23. b3 Rdc8 24. dxe5 Bxe5 25. Bc5 Nd7 26. Bd4 Bd6 27. Na2 Ba3 28.
Rd1 bxa4 29. bxa4 Qb3 30. Qe1 Bxa4 31. Rxc8+ Rxc8 32. Nc1 Qxd1 0-1

[Event "I Open"]
[Site "Omegna ITA"]
[Date "2013.07.05"]
[Round "2"]
[White "Migliorini, Matteo"]
[Black "Recanatini, Italo"]
[WhiteElo "2006"]
[BlackElo "1811"]
[Result "1-0"]
[PlyCount "117"]
[EventDate "2013.07.04"]

1. e4 d5 2. exd5 Qxd5 3. Nf3 Bg4 4. Be2 c6 5. d4 Bxf3 6. Bxf3 Qa5+ 7. c3 Qc7 8.
O-O e6 9. c4 Bd6 10. h3 Nf6 11. Nc3 Bf4 12. d5 Bxc1 13. Rxc1 O-O 14. dxe6 fxe6
15. b4 Nbd7 16. Qe2 Ne5 17. Be4 Nxe4 18. Nxe4 Rfe8 19. c5 Nf7 20. Qg4 Qe5 21.
Rfe1 Qf5 22. Qe2 Rad8 23. Rc3 Rd4 24. Rf3 Qe5 25. Rg3 Kh8 26. Qg4 g6 27. Qf3
Qf5 28. Qe3 e5 29. Rf3 Qe6 30. a3 Rxe4 31. Qxe4 Ng5 32. Qe3 Nxf3+ 33. Qxf3 Kg8
34. Re4 Qd7 35. Qe2 Rd8 36. Rxe5 Qd1+ 37. Qxd1 Rxd1+ 38. Kh2 Kf7 39. g4 Rd4 40.
Re3 b6 41. Rc3 b5 42. Rf3+ Ke7 43. Kg3 a5 44. Rb3 axb4 45. axb4 Ke6 46. f4 Kd5
47. f5 gxf5 48. gxf5 Kc4 49. Rb1 Kc3 50. f6 Kc2 51. Rf1 Rd8 52. f7 Rf8 53. Rf4
Kc3 54. Kg4 Rxf7 55. Rxf7 Kxb4 56. Rf5 Kc4 57. Kf3 b4 58. Ke2 Kc3 59. Kd1 1-0

[Event "I Open"]
[Site "Omegna ITA"]
[Date "2013.07.05"]
[Round "2"]
[White "Nehyba, Martin"]
[Black "Faraci, Libero"]
[WhiteElo "1525"]
[BlackElo "1729"]
[Result "0-1"]
[PlyCount "60"]
[EventDate "2013.07.04"]

1. e4 c6 2. d4 Na6 3. Bxa6 Qa5+ 4. Nc3 Qxa6 5. Bf4 d6 6. Nf3 Bg4 7. h3 Bh5 8.
Qe2 Qxe2+ 9. Kxe2 Bxf3+ 10. Kxf3 Nf6 11. Bg5 Nd7 12. Ke2 h6 13. Be3 a6 14. f4
O-O-O 15. a4 e6 16. d5 c5 17. a5 Be7 18. Rab1 Bf6 19. Na4 exd5 20. exd5 Rhe8
21. Kf2 Re4 22. b3 Rde8 23. Rhe1 Bh4+ 24. g3 Bxg3+ 25. Kxg3 Rxe3+ 26. Rxe3
Rxe3+ 27. Kg4 Nf6+ 28. Kf5 Rxh3 29. Nb6+ Kc7 30. Rf1 Rh5# 0-1

[Event "I Open"]
[Site "Omegna ITA"]
[Date "2013.07.05"]
[Round "2"]
[White "Patrignani, Tiziano"]
[Black "Schingaro, Angelo"]
[WhiteElo "1542"]
[BlackElo "1719"]
[Result "1/2-1/2"]
[PlyCount "41"]
[EventDate "2013.07.04"]

1. d4 d5 2. c4 c6 3. Nf3 Nf6 4. g3 e6 5. Bg2 Nbd7 6. b3 Bd6 7. O-O O-O 8. Ba3
c5 9. dxc5 Nxc5 10. Nbd2 Qe7 11. Bb2 Rd8 12. Qc2 h6 13. Be5 Nce4 14. Bxd6 Nxd6
15. Ne5 Bd7 16. e4 dxe4 17. Nxe4 Ndxe4 18. Bxe4 Nxe4 19. Qxe4 Rab8 20. Rad1 Be8
21. h3 1/2-1/2

[Event "I Open"]
[Site "Omegna ITA"]
[Date "2013.07.05"]
[Round "2"]
[White "Penna, Tommaso"]
[Black "Chiodini, Pietro"]
[WhiteElo "1947"]
[BlackElo "1784"]
[Result "1-0"]
[PlyCount "45"]
[EventDate "2013.07.04"]

1. d4 Nc6 2. Nf3 d5 3. c4 e5 4. dxe5 d4 5. g3 Bb4+ 6. Nbd2 f6 7. exf6 Nxf6 8.
Bg2 O-O 9. O-O Bxd2 10. Bxd2 Rb8 11. Qb3 Kh8 12. Rad1 Be6 13. Qc2 Qe8 14. e3
Rd8 15. exd4 Nxd4 16. Nxd4 Rxd4 17. b3 Qh5 18. Bc3 Ng4 19. h3 Rxd1 20. Qxd1 Nf6
21. Bxf6 Qxd1 22. Bxg7+ Kxg7 23. Rxd1 1-0

[Event "I Open"]
[Site "Omegna ITA"]
[Date "2013.07.05"]
[Round "2"]
[White "Rossi, Emanuele"]
[Black "Lugli, Andrea"]
[WhiteElo "1564"]
[BlackElo "1762"]
[Result "1-0"]
[PlyCount "89"]
[EventDate "2013.07.04"]

1. e4 c6 2. d4 d5 3. e5 c5 4. Bb5+ Nc6 5. Nf3 Bg4 6. c3 e6 7. Qa4 Nge7 8. Nbd2
a6 9. Bxc6+ Nxc6 10. O-O Be7 11. dxc5 Bxf3 12. Nxf3 O-O 13. Qg4 f5 14. exf6
Rxf6 15. Re1 e5 16. Qh5 e4 17. Ng5 h6 18. Nh3 Bxc5 19. Be3 Bxe3 20. fxe3 Kh7
21. Nf4 Ne7 22. Rad1 Rf5 23. Qg4 Qa5 24. Ne6 Rf7 25. Rf1 Rxf1+ 26. Rxf1 Ng6 27.
Qf5 Qb6 28. Qf7 Qxe3+ 29. Kh1 Rg8 30. h3 Qe2 31. Qf5 Qxb2 32. Nf4 Qb6 33. Nxd5
Qd6 34. Qxe4 Qe5 35. Qd3 Rd8 36. c4 b5 37. Rd1 Rc8 38. cxb5 axb5 39. Qxb5 Rc2
40. a4 Qg3 41. Nf6+ gxf6 42. Qd7+ Kh8 43. Qe8+ Nf8 44. Qxf8+ Qg8 45. Qxf6+ 1-0

[Event "I Open"]
[Site "Omegna ITA"]
[Date "2013.07.05"]
[Round "2"]
[White "Salvati, Marcello"]
[Black "Rizzi, Pietro"]
[WhiteElo "1422"]
[BlackElo "1582"]
[Result "1/2-1/2"]
[PlyCount "58"]
[EventDate "2013.07.04"]

1. d4 f5 2. Nf3 Nf6 3. e3 g6 4. Bd3 Bg7 5. Nbd2 O-O 6. c3 d6 7. O-O Nc6 8. Re1
e5 9. dxe5 Nxe5 10. Nxe5 dxe5 11. Bc4+ Kh8 12. Nf3 Qe7 13. Qb3 Ne4 14. Qb4 c5
15. Qb3 Rb8 16. Bd5 Re8 17. Qc2 Ng5 18. Nxg5 Qxg5 19. e4 f4 20. f3 Qh4 21. Qf2
Qxf2+ 22. Kxf2 g5 23. g3 b6 24. c4 Be6 25. Bxe6 Rxe6 26. Bd2 Rd8 27. Rad1 Red6
28. Re2 a5 29. a4 Kg8 1/2-1/2

[Event "I Open"]
[Site "Omegna ITA"]
[Date "2013.07.05"]
[Round "2"]
[White "Siclari, Giovanni"]
[Black "Bianchi, Simone"]
[WhiteElo "2054"]
[BlackElo "1814"]
[Result "1-0"]
[PlyCount "69"]
[EventDate "2013.07.04"]

1. Nf3 d5 2. d4 Nf6 3. c4 e6 4. Nc3 c6 5. Bg5 Nbd7 6. e3 Qa5 7. cxd5 exd5 8.
Bd3 Bd6 9. O-O O-O 10. Qc2 h6 11. Bh4 Re8 12. a3 Qc7 13. Rfc1 a6 14. b4 g5 15.
Bg3 Ne4 16. Nxd5 cxd5 17. Qxc7 Bxc7 18. Rxc7 f5 19. Rac1 b5 20. Ne5 Nb6 21.
R7c6 Re6 22. Bxe4 fxe4 23. Ng6 Rxc6 24. Rxc6 Nc4 25. Ne7+ Kf7 26. Nxc8 Nxa3 27.
Nd6+ Ke7 28. Nf5+ Kd7 29. Rd6+ Kc8 30. Ne7+ Kb7 31. Rd7+ Kb6 32. Bc7+ Kb7 33.
Ba5+ Kb8 34. Nc6+ Kc8 35. Rc7# 1-0

[Event "I Open"]
[Site "Omegna ITA"]
[Date "2013.07.05"]
[Round "2"]
[White "Vitale, Alessandro"]
[Black "Mottonen, Ari"]
[WhiteElo "1774"]
[BlackElo "1989"]
[Result "1-0"]
[PlyCount "59"]
[EventDate "2013.07.04"]

1. f4 Nf6 2. Nf3 g6 3. e3 Bg7 4. Be2 c5 5. O-O O-O 6. d4 b6 7. d5 d6 8. Nc3 Na6
9. Ng5 Nc7 10. Nge4 Nxe4 11. Nxe4 b5 12. c4 bxc4 13. Bxc4 Rb8 14. Rb1 Bf5 15.
Qf3 Qc8 16. h3 h5 17. b3 Nb5 18. Bb2 Qc7 19. a4 Bxb2 20. Bxb5 Bg7 21. g4 hxg4
22. hxg4 Bd7 23. Bxd7 Qxd7 24. Qh3 f6 25. f5 gxf5 26. gxf5 Rb4 27. Nd2 Rfb8 28.
Kf2 c4 29. Rg1 cxb3 30. Rxg7+ 1-0

[Event "I Open"]
[Site "Omegna ITA"]
[Date "2013.07.05"]
[Round "3"]
[White "Arabia, Allan"]
[Black "Crolla, Roberto"]
[WhiteElo "1534"]
[BlackElo "1451"]
[Result "1-0"]
[PlyCount "77"]
[EventDate "2013.07.04"]

1. d4 d5 2. c4 e6 3. Nc3 Nf6 4. Nf3 c5 5. Bg5 cxd4 6. Nxd4 dxc4 7. e3 Be7 8.
Bxc4 O-O 9. O-O Nbd7 10. Rc1 Qa5 11. Bh4 Rd8 12. Qc2 Bd6 13. Rfd1 Qc7 14. Bd3
g6 15. Ndb5 Qb8 16. Nxd6 Qxd6 17. Bxg6 Qf8 18. Bd3 Qh6 19. Bxf6 Qxf6 20. Bxh7+
Kf8 21. Rd4 Ke7 22. Qe4 Kf8 23. Qg4 Qh8 24. Qh4 Re8 25. Nb5 Re7 26. Nd6 f6 27.
Bb1 Qxh4 28. Rxh4 Nb6 29. Nxc8 Nxc8 30. Rxc8+ Rxc8 31. Rh8+ Kg7 32. Rxc8 Rd7
33. Bc2 Rd2 34. g3 Rd7 35. Kf1 Kf7 36. Ke1 Kg7 37. Ra8 a6 38. Rc8 Kf7 39. Be4
1-0

[Event "I Open"]
[Site "Omegna ITA"]
[Date "2013.07.05"]
[Round "3"]
[White "Baradaran, Arman"]
[Black "Nehyba, Martin"]
[WhiteElo "1858"]
[BlackElo "1525"]
[Result "1/2-1/2"]
[PlyCount "74"]
[EventDate "2013.07.04"]

1. d4 d5 2. c4 e6 3. Nc3 Nf6 4. Nf3 c5 5. cxd5 Nxd5 6. Nxd5 Qxd5 7. e3 Nc6 8.
Be2 Be7 9. O-O O-O 10. dxc5 Rd8 11. Bd2 Qxc5 12. Rc1 Qb6 13. Qc2 Bd7 14. Bc3
Rac8 15. a3 Bf8 16. Rfd1 g6 17. Qb1 Bg7 18. Bxg7 Kxg7 19. Rd2 Be8 20. Rdc2 Ne7
21. Bc4 Bb5 22. Bxb5 Qxb5 23. Nd4 Qd7 24. h3 Nc6 25. Nxc6 Rxc6 26. Rxc6 bxc6
27. Qe4 Rc8 28. b4 Qd2 29. Qe5+ f6 30. Qc5 Qd7 31. b5 Kf7 32. bxc6 Qe7 33. Qb5
Rc7 34. Rd1 Qxa3 35. Rd7+ Rxd7 36. cxd7 Qe7 37. Qb7 Qd8 1/2-1/2

[Event "I Open"]
[Site "Omegna ITA"]
[Date "2013.07.05"]
[Round "3"]
[White "Bargeri, Ludovico"]
[Black "Vitale, Alessandro"]
[WhiteElo "2054"]
[BlackElo "1774"]
[Result "1/2-1/2"]
[PlyCount "103"]
[EventDate "2013.07.04"]

1. d4 f5 2. Bg5 h6 3. Bh4 g5 4. e3 Nf6 5. Bg3 e6 6. h4 Rg8 7. hxg5 hxg5 8. Nc3
Bb4 9. a3 Bxc3+ 10. bxc3 b6 11. c4 Bb7 12. f3 d6 13. Bd3 Qe7 14. Qe2 Nbd7 15.
Bf2 O-O-O 16. O-O-O d5 17. Kb1 Rh8 18. Rxh8 Rxh8 19. Nh3 Qg7 20. Ka2 dxc4 21.
Bxc4 Bd5 22. Bxd5 Nxd5 23. Be1 f4 24. e4 Ne3 25. Rd3 e5 26. d5 g4 27. fxg4 Nc5
28. Rc3 Nxe4 29. Rc6 Nc5 30. d6 Qg8+ 31. Kb1 Rh7 32. Bb4 Qd5 33. Rxc7+ Rxc7 34.
dxc7 Kxc7 35. g5 Ne6 36. g6 a5 37. Bc3 Kd6 38. Nf2 Nc4 39. Ne4+ Ke7 40. Qd3 Qc6
41. Kc1 Kf8 42. Qh3 Qxe4 43. Qxe6 Kg7 44. Qf7+ Kh6 45. g7 Qe3+ 46. Kb1 Qxc3 47.
g8=N+ Kg5 48. Qf6+ Kh5 49. Qh6+ Kg4 50. Qg6+ Kh4 51. Qh6+ Kg4 52. Qg6+ 1/2-1/2

[Event "I Open"]
[Site "Omegna ITA"]
[Date "2013.07.05"]
[Round "3"]
[White "Bianchi, Simone"]
[Black "Rossi, Emanuele"]
[WhiteElo "1814"]
[BlackElo "1564"]
[Result "1-0"]
[PlyCount "71"]
[EventDate "2013.07.04"]

1. e4 d5 2. exd5 Qxd5 3. c4 Qd6 4. d4 Nc6 5. d5 Ne5 6. Nc3 Qg6 7. Nb5 Kd8 8.
Bf4 Qe4+ 9. Be3 Nf6 10. Nc3 Qf5 11. Qd4 Nfd7 12. O-O-O e6 13. f4 Bc5 14. Qd2
Bxe3 15. Qxe3 Ng4 16. Qd2 exd5 17. Bd3 Qh5 18. Nxd5 c6 19. Nc3 Kc7 20. Nf3 b6
21. h3 Ngf6 22. g4 Qc5 23. b4 Qf8 24. Rhe1 Bb7 25. Bf5 Rd8 26. g5 g6 27. gxf6
gxf5 28. Re7 Bc8 29. Ne5 Qh6 30. Qd6+ Kb7 31. Nxd7 Bxd7 32. Rxd7+ Rxd7 33.
Qxd7+ Ka6 34. b5+ cxb5 35. Qxb5+ Kb7 36. Rd7+ 1-0

[Event "I Open"]
[Site "Omegna ITA"]
[Date "2013.07.05"]
[Round "3"]
[White "Cavagna, Marco"]
[Black "Cuttaia, Giacinto"]
[WhiteElo "1461"]
[BlackElo "1811"]
[Result "0-1"]
[PlyCount "46"]
[EventDate "2013.07.04"]

1. d4 Nf6 2. c4 e6 3. Nc3 Bb4 4. Bd2 d5 5. e3 O-O 6. Nf3 c6 7. Bd3 Nbd7 8. O-O
Re8 9. a3 Bd6 10. e4 e5 11. cxd5 cxd5 12. Bg5 exd4 13. Nxd5 h6 14. Bxf6 Nxf6
15. Re1 Nxd5 16. exd5 Bg4 17. h3 Rxe1+ 18. Qxe1 Bxf3 19. gxf3 Qg5+ 20. Kf1 Qh4
21. Kg2 Qf4 22. Qh1 Re8 23. Rc1 Qg5+ 0-1

[Event "I Open"]
[Site "Omegna ITA"]
[Date "2013.07.05"]
[Round "3"]
[White "Chiodini, Pietro"]
[Black "Frignani, Alessandro"]
[WhiteElo "1784"]
[BlackElo "1401"]
[Result "1-0"]
[PlyCount "59"]
[EventDate "2013.07.04"]

1. b3 e5 2. Bb2 f6 3. e4 Bc5 4. Nf3 c6 5. d4 Bd6 6. dxe5 fxe5 7. Qxd6 Nf6 8.
Qxe5+ Qe7 9. Qxe7+ Kxe7 10. Nc3 Re8 11. e5 Nh5 12. Ne4 b5 13. Nd6 Rf8 14. Ba3
Ke6 15. Nd4+ Kd5 16. O-O-O Rh8 17. c4+ Kxe5 18. Nf7+ Kf6 19. Nxh8 a6 20. Bb2
Ke7 21. Bd3 g6 22. Rhe1+ Kf8 23. Nxg6+ hxg6 24. Bxg6 Nf4 25. Re8+ Kg7 26. Ne6+
Kxg6 27. Nxf4+ Kf5 28. Rf8+ Kg5 29. Rd6 Bb7 30. Rg6+ 1-0

[Event "I Open"]
[Site "Omegna ITA"]
[Date "2013.07.05"]
[Round "3"]
[White "Faraci, Libero"]
[Black "Wilen, Eero"]
[WhiteElo "1729"]
[BlackElo "2058"]
[Result "0-1"]
[PlyCount "56"]
[EventDate "2013.07.04"]

1. c4 Nf6 2. b4 d5 3. e3 g6 4. Bb2 Bg7 5. cxd5 Qxd5 6. Nc3 Qd8 7. Nf3 O-O 8. d4
b6 9. Be2 Bb7 10. O-O Nbd7 11. Rb1 e6 12. Qd2 Qe7 13. a3 Rfd8 14. Qc2 Rdc8 15.
Qb3 Ne4 16. Nxe4 Bxe4 17. Nd2 Bxb1 18. Rxb1 c5 19. Bf3 Rab8 20. Qa4 cxd4 21.
exd4 Rc7 22. Be4 b5 23. Qb3 Nb6 24. Bd3 Na4 25. Ba1 Qd7 26. Ne4 Bxd4 27. Nf6+
Bxf6 28. Bxf6 Rc3 0-1

[Event "I Open"]
[Site "Omegna ITA"]
[Date "2013.07.05"]
[Round "3"]
[White "Fattorelli, Luciano"]
[Black "Nottet, Tristan"]
[WhiteElo "1932"]
[BlackElo "1715"]
[Result "1/2-1/2"]
[PlyCount "44"]
[EventDate "2013.07.04"]

1. Nf3 Nf6 2. c4 b6 3. Nc3 c5 4. g3 Bb7 5. Bg2 g6 6. O-O Bg7 7. d4 cxd4 8. Nxd4
Bxg2 9. Kxg2 Nc6 10. Re1 Nxd4 11. Qxd4 Qc7 12. b3 O-O 13. Bb2 Qc6+ 14. e4 Ne8
15. Qd2 Nc7 16. Nd5 Rfe8 17. Bxg7 Kxg7 18. Rad1 d6 19. Qd4+ Kg8 20. Nxc7 Qxc7
21. e5 dxe5 22. Rxe5 Rad8 1/2-1/2

[Event "I Open"]
[Site "Omegna ITA"]
[Date "2013.07.05"]
[Round "3"]
[White "Ferri, Antonio"]
[Black "Benenati, Gianfranco"]
[WhiteElo "1650"]
[BlackElo "1855"]
[Result "0-1"]
[PlyCount "96"]
[EventDate "2013.07.04"]

1. d4 Nf6 2. c4 g6 3. Nc3 Bg7 4. e4 d6 5. Nf3 O-O 6. Be2 Nbd7 7. O-O e5 8. d5
Nc5 9. Qc2 a5 10. a4 h6 11. Be3 b6 12. h3 Kh7 13. Nd2 Ng8 14. Bxc5 bxc5 15. Nf3
f5 16. Bd3 f4 17. Nh2 Qg5 18. f3 Bxh3 19. Kh1 Bd7 20. Nd1 Nf6 21. Nf2 Nh5 22.
Kg1 Ng3 23. Rfe1 h5 24. Nh1 h4 25. Kf2 Bf6 26. Rg1 Kg7 27. Ke1 Rh8 28. Nf2 Be7
29. Nhg4 Bxg4 30. Nxg4 Nh5 31. Kd2 Nf6 32. Nf2 Qg3 33. Kc3 Rab8 34. Rab1 Rb4
35. b3 Rhb8 36. Nh3 Nh7 37. Nf2 Qg5 38. Nh3 Qf6 39. Nf2 Qf8 40. Rb2 Nf6 41. Kd2
Nh5 42. Ng4 Ng3 43. Nf2 Qc8 44. Qd1 Rxa4 45. Bc2 Rxc4 46. Nd3 Rd4 47. Qa1 Rb5
48. Rgb1 h3 0-1

[Event "I Open"]
[Site "Omegna ITA"]
[Date "2013.07.05"]
[Round "3"]
[White "Franchetti Pardo, Niccolo'"]
[Black "Zahner, Rolf"]
[WhiteElo "1514"]
[BlackElo "1667"]
[Result "0-1"]
[PlyCount "92"]
[EventDate "2013.07.04"]

1. d4 Nf6 2. c4 g6 3. Nc3 Bg7 4. e4 d6 5. Be2 O-O 6. Bg5 h6 7. Bh4 Nbd7 8. Nf3
c6 9. O-O Nh5 10. Qd2 Qe8 11. e5 dxe5 12. Nxe5 Nhf6 13. Rae1 Nxe5 14. dxe5 Nd7
15. Bg3 Kh7 16. Bd3 Nc5 17. Bc2 Be6 18. b3 Rd8 19. Qe3 b6 20. f4 f5 21. Rd1
Rxd1 22. Rxd1 Qc8 23. b4 Na6 24. Bb3 Nxb4 25. c5 Bxb3 26. axb3 b5 27. Qd4 Na6
28. b4 Nc7 29. Qd7 Na6 30. Qxe7 Nxb4 31. Rd7 Rg8 32. e6 Qe8 33. Rxa7 Qxe7 34.
Rxe7 Kh8 35. Rd7 Bxc3 36. e7 Bf6 37. Be1 Nd5 38. Rd6 Bxe7 39. Rxc6 Kg7 40. g3
Rb8 41. Bf2 b4 42. Bd4+ Kf7 43. Be5 Rb7 44. Bd6 b3 45. Rb6 Nxb6 46. Be5 Bxc5+
0-1

[Event "I Open"]
[Site "Omegna ITA"]
[Date "2013.07.05"]
[Round "3"]
[White "Grigioni, Giulio"]
[Black "Fischetti, Luciano"]
[WhiteElo "1827"]
[BlackElo "1585"]
[Result "0-1"]
[PlyCount "62"]
[EventDate "2013.07.04"]

1. Nf3 Nc6 2. e4 e5 3. Bc4 Bc5 4. d3 Nf6 5. Nc3 O-O 6. h3 d6 7. Bg5 Na5 8. Nd5
Nxc4 9. dxc4 Bxf2+ 10. Kf1 Bg3 11. Nh2 Nxd5 12. Bxd8 Ne3+ 13. Ke2 Nxd1 14. Bxc7
Nxb2 15. Bxd6 Rd8 16. c5 Be6 17. Nf3 f6 18. Nd2 Nc4 19. Nxc4 Bxc4+ 20. Kf3 Bf4
21. Rhd1 Bb5 22. a4 Bc6 23. g3 Bg5 24. a5 g6 25. c4 Kf7 26. Rab1 Ke6 27. Rb6 f5
28. Rd5 fxe4+ 29. Kxe4 Rxd6 30. Rxc6 Rxc6 31. Rxe5+ Kf6 0-1

[Event "I Open"]
[Site "Omegna ITA"]
[Date "2013.07.05"]
[Round "3"]
[White "Lilja, Olavi Jouko"]
[Black "Mantovan, Giuseppe"]
[WhiteElo "1545"]
[BlackElo "1825"]
[Result "0-1"]
[PlyCount "57"]
[EventDate "2013.07.04"]

1. e4 e6 2. d4 d5 3. e5 c5 4. c3 Nc6 5. Nf3 Qb6 6. Qb3 Qc7 7. Bb5 Bd7 8. Bxc6
Qxc6 9. O-O Rc8 10. Be3 c4 11. Qc2 b5 12. a3 Ne7 13. Nbd2 Nf5 14. Bf4 Be7 15.
Bg5 Bf8 16. Bf4 h6 17. h3 Qb6 18. Rfe1 Qd8 19. b3 cxb3 20. Nxb3 Be7 21. Qd3 Qc7
22. Rec1 Qc4 23. Qxc4 Rxc4 24. g4 Nh4 25. Nxh4 Bxh4 26. Nd2 Ra4 27. Nb3 Be7 28.
Nc5 Bxc5 29. dxc5 $138 0-1

[Event "I Open"]
[Site "Omegna ITA"]
[Date "2013.07.05"]
[Round "3"]
[White "Luciani, Valerio"]
[Black "Migliorini, Matteo"]
[WhiteElo "2260"]
[BlackElo "2006"]
[Result "1-0"]
[PlyCount "111"]
[EventDate "2013.07.04"]

1. d4 Nf6 2. c4 g6 3. Nc3 d5 4. cxd5 Nxd5 5. e4 Nxc3 6. bxc3 Bg7 7. Bc4 c5 8.
Ne2 Nc6 9. Be3 O-O 10. Rc1 Na5 11. Bd3 b6 12. h4 e5 13. dxc5 Be6 14. cxb6 axb6
15. c4 Nb7 16. Nc3 Nc5 17. Be2 Qe7 18. Qc2 f5 19. h5 Qf7 20. hxg6 hxg6 21. Bxc5
bxc5 22. Nd5 fxe4 23. O-O Bh6 24. Ne3 Ra3 25. Qxe4 Rxa2 26. Bf3 Bf4 27. g3 Bh6
28. Bg2 Rxf2 29. Qxe5 Bxe3 30. Qxe3 Rf6 31. Qxc5 Rc8 32. Qd4 Rxf1+ 33. Rxf1 Qe7
34. Bd5 Bxd5 35. Qxd5+ Kg7 36. Qd4+ Kh7 37. Rf4 Qc5 38. Kf2 Qxd4+ 39. Rxd4 Kg7
40. Ke3 Kf6 41. Kd3 Ke6 42. Rd5 Ra8 43. g4 Ra3+ 44. Kd4 Rg3 45. Re5+ Kd7 46.
Rg5 Rg1 47. Rxg6 Rg2 48. Kd5 Rd2+ 49. Kc5 Rg2 50. Rd6+ Kc7 51. Rd4 Rg1 52. Kd5
Kd7 53. c5 Kc7 54. Rc4 Rd1+ 55. Ke6 Kc6 56. g5 1-0

[Event "I Open"]
[Site "Omegna ITA"]
[Date "2013.07.05"]
[Round "3"]
[White "Lugli, Andrea"]
[Black "Salvati, Marcello"]
[WhiteElo "1762"]
[BlackElo "1422"]
[Result "1/2-1/2"]
[PlyCount "93"]
[EventDate "2013.07.04"]

1. c4 Nf6 2. g3 d6 3. Bg2 e5 4. Nc3 c6 5. e4 Bg4 6. Nge2 Be7 7. O-O O-O 8. h3
Be6 9. d3 Qd7 10. Kh2 Na6 11. f4 Qc7 12. f5 Bd7 13. g4 h6 14. g5 hxg5 15. Bxg5
Ng4+ 16. hxg4 Bxg5 17. Rf3 f6 18. a3 Kf7 19. Rh3 Rh8 20. Rh5 Qb6 21. d4 exd4
22. Na4 Qc7 23. Qxd4 d5+ 24. Kh3 Rxh5+ 25. gxh5 dxc4 26. Qxc4+ Ke7 27. Rd1 b5
28. Qd3 Rd8 29. Nd4 c5 30. Ne6 Bxe6 31. Qe2 Rxd1 32. Qxd1 bxa4 33. fxe6 Qd6 34.
Qe2 Qxe6+ 35. Kh2 Nc7 36. Bh3 Qe5+ 37. Kg2 Nd5 38. Kf1 Qf4+ 39. Kg2 Ne3+ 40.
Kh1 Qxe4+ 41. Kg1 Qh4 42. Qf3 Qe1+ 43. Kh2 Qd2+ 44. Kg3 Qe1+ 45. Kh2 Qd2+ 46.
Kg3 Qe1+ 47. Kh2 1/2-1/2

[Event "I Open"]
[Site "Omegna ITA"]
[Date "2013.07.05"]
[Round "3"]
[White "Medici, Simone"]
[Black "Machlik, Edit"]
[WhiteElo "2109"]
[BlackElo "1810"]
[Result "1-0"]
[PlyCount "101"]
[EventDate "2013.07.04"]

1. d4 d5 2. c4 dxc4 3. Nf3 Nf6 4. e3 Bg4 5. Bxc4 e6 6. Nbd2 Nbd7 7. Qb3 Nb6 8.
Bd3 Be7 9. Ne5 Bh5 10. O-O O-O 11. f4 c5 12. dxc5 Bxc5 13. Ne4 Nxe4 14. Bxe4
Qe7 15. a4 Rfd8 16. Kh1 Rac8 17. g4 Bg6 18. Nxg6 hxg6 19. Bf3 Rc7 20. e4 e5 21.
fxe5 Qxe5 22. Bg2 Rcd7 23. a5 Nc8 24. Bf4 Qd4 25. e5 Qb4 26. Qc2 Rd4 27. Bg5
Be7 28. Bxe7 Nxe7 29. Qf2 Qb3 30. Ra3 Qe6 31. h3 b6 32. axb6 axb6 33. Re3 R8d7
34. Re2 Rd3 35. Qf4 Nd5 36. Qe4 Ne7 37. Ref2 R7d4 38. Qa8+ Rd8 39. Qa6 Re3 40.
Rxf7 Nf5 41. gxf5 Qxf7 42. Qxb6 Red3 43. fxg6 Qe7 44. Qb5 Qe6 45. Qb7 Qxg6 46.
Qe7 Qh5 47. Qe6+ Kh8 48. Rf4 Rd1+ 49. Kh2 R8d7 50. Rf5 Qh7 51. Rf8+ 1-0

[Event "I Open"]
[Site "Omegna ITA"]
[Date "2013.07.05"]
[Round "3"]
[White "Mottonen, Ari"]
[Black "Schingaro, Angelo"]
[WhiteElo "1989"]
[BlackElo "1719"]
[Result "1-0"]
[PlyCount "71"]
[EventDate "2013.07.04"]

1. d4 d5 2. Nf3 Nf6 3. g3 e6 4. Bg2 Nbd7 5. O-O Bd6 6. c4 c6 7. Nc3 O-O 8. Nd2
Be7 9. f4 b6 10. e4 dxc4 11. a4 Ba6 12. g4 Rc8 13. g5 Ne8 14. e5 g6 15. Nde4 c5
16. Nf6+ Ndxf6 17. gxf6 Nxf6 18. exf6 Bxf6 19. d5 Bd4+ 20. Kh1 exd5 21. Bxd5
Qd7 22. Bg2 Rfe8 23. f5 Qe7 24. fxg6 hxg6 25. Qg4 Bb7 26. Bg5 Bxg2+ 27. Qxg2
Qe6 28. Rf3 Rc7 29. Raf1 Rd7 30. Rf4 Bxc3 31. bxc3 Qd5 32. R4f3 a6 33. Bf6 Re6
34. Rh3 Rxf6 35. Rxf6 Qd1+ 36. Rf1 1-0

[Event "I Open"]
[Site "Omegna ITA"]
[Date "2013.07.05"]
[Round "3"]
[White "Patrignani, Tiziano"]
[Black "Buzio, Alberto"]
[WhiteElo "1542"]
[BlackElo "1863"]
[Result "0-1"]
[PlyCount "108"]
[EventDate "2013.07.04"]

1. d4 Nf6 2. c4 e6 3. Nf3 b6 4. Nc3 Bb7 5. Bf4 Ne4 6. Qc2 Bb4 7. a3 Bxc3+ 8.
bxc3 O-O 9. e3 d6 10. Bd3 f5 11. O-O h6 12. Rfd1 Nd7 13. Nd2 Nxd2 14. Rxd2 g5
15. Bg3 f4 16. Bh7+ Kh8 17. exf4 gxf4 18. Bg8 Rxg8 19. Bxf4 Bxg2 20. Bg3 Bh3
21. Qd1 Qf6 22. Rd3 Raf8 23. Ra2 Bg4 24. Qd2 h5 25. Bh4 Bf3+ 26. Kf1 Qf4 27.
Re3 Qxh4 28. Rxf3 Qg5 29. Rxf8 Nxf8 30. Qb2 Ng6 31. Ke2 Nf4+ 32. Kd1 Qg1+ 33.
Kc2 Qxf2+ 34. Kb3 Qf3 35. Qd2 Rg2 36. Qc1 Rxa2 37. Kxa2 Qf2+ 38. Kb3 Qxh2 39.
Qe3 a5 40. a4 Qh4 41. c5 bxc5 42. dxc5 Qg5 43. cxd6 Qd5+ 44. Kb2 Qxd6 45. Qa7
Qb6+ 46. Qxb6 cxb6 47. Kb3 h4 48. Kc4 h3 49. Kb5 h2 50. Kxb6 h1=Q 51. Kxa5 Qb1
52. c4 Nd3 53. c5 Nb2 54. c6 Nc4+ 0-1